000
00352 a2200169 4500
001
182694
020
_a
85-01-02475-9
040
_c
Magnum
100
_a
Andrade, Carlos Drummond de
240
1
0
_a
Boca de luar
_l
por
245
1
0
_a
Boca de luar
300
_a
217
362
0
_a
1998
440
1
_a
Record
697
_a
LITERATURA GERAL
942
_c
BK
999
_c
182694
_d
182694